Statistics for World Capitals by a Single Clue #3

Click here to take the quiz!

General Stats

  • This quiz has been taken 18,531 times
  • The average score is 12 of 20

Answer Stats

CountryClueCapital City% Correct
FranceKnown as the "City of Lights"Paris
90%
PakistanIts name ends in -badIslamabad
89%
South KoreaSamsung headquarters can be found hereSeoul
87%
Vatican CityCompletely encircled by a different capital cityVatican City
83%
TunisiaNorthernmost capital in AfricaTunis
83%
Argentina206 kilometers from MontevideoBuenos Aires
75%
EstoniaJust 80 kilometers south of HelsinkiTallinn
68%
IndiaThe "new" part of a metropolis with over 20 million peopleNew Delhi
61%
DjiboutiStarts with a silent DDjibouti
56%
IranThe U.S. embassy in this city was invaded in 1979Tehran
56%
BelgiumOne of its most famous landmarks is a 2 foot tall statue of a peeing boyBrussels
49%
IraqIt was sacked by the Mongols in 1258, ending the Islamic Golden AgeBaghdad
47%
FinlandIts metro area includes Espoo, Vantaa, and KauniainenHelsinki
47%
CroatiaIts name starts with ZZagreb
46%
SudanLocated at the confluence of the White Nile and Blue NileKhartoum
45%
CyprusDivided city in the middle of a divided islandNicosia
45%
QatarAl Jazeera is based hereDoha
44%
BrazilFounded in 1960, many of its buildings were designed by Oscar NiemeyerBrasília
42%
D.R. CongoSite of the "Rumble in the Jungle" between Ali and ForemanKinshasa
35%
BulgariaPopular name for baby girls in the U.S. in recent yearsSofia
21%

Score Distribution

Percentile by Number Answered

Percent of People with Each Score

Your Score History

You have not taken this quiz